Διαχείριση απορριμμάτων

Αποθηκεύτηκε σε:
Λεπτομέρειες βιβλιογραφικής εγγραφής
Κύριος συγγραφέας: Χλέπας, Νικόλαος Κομνηνός
Άλλοι συγγραφείς: Γιαννακούρου, Γ., Οικονόμου, Θεόδωρος, Μενουδάκος, Κωνσταντίνος Φ., 1946- (Συγγραφέας εισαγωγής κ.λπ.)
Μορφή: Βιβλίο
Γλώσσα:Greek
Δημοσίευση: Αθήνα : Σακκούλας, 2004.
Σειρά:Νόμος + Φύση. Βιβλιοθήκη περιβαλλοντικού δικαίου (Σάκκουλας) ; 12
Θέματα:
Ετικέτες: Προσθήκη ετικέτας
Δεν υπάρχουν, Καταχωρήστε ετικέτα πρώτοι!

MARC

LEADER 00000cam a2200000 i 4500
001 1/75545
008 080222s2004 gr | ||| |||| ||gre||
020 |a 9601511881 
035 |l 10094946 
040 |a GR-MY-UA  |b gre  |e aacr 
041 0 |a gre 
082 7 |a 344.046   |2 (22) 
100 1 |a Χλέπας, Νικόλαος Κομνηνός. 
245 1 0 |a Διαχείριση απορριμμάτων /   |c Ν.-Κ. Χλέπας, Γ. Γιαννακούρου, Θ. Οικονόμου ; πρόλογος: Κώστας Μενουδάκος.  
260 |a Αθήνα :   |b Σακκούλας,   |c 2004. 
300 |a 256 σ. ;   |c 21 εκ. 
490 1 |a (Νόμος + Φύση. Βιβλιοθήκη περιβαλλοντικού δικαίου / Σάκκουλας ;   |v  12) 
504 |a Βιβλιογραφία: σ. 257. 
650 0 0 |a Refuse and refuse disposal  |x Law and legislation  |z Europe. 
650 0 0 |a Refuse and refuse disposal  |x Management. 
650 0 0 |a Integrated solid waste management. 
650 0 0 |a Recycling (Waste, etc.) 
700 1 |a Γιαννακούρου, Γ. 
700 1 |a Οικονόμου, Θεόδωρος. 
700 1 |a Μενουδάκος, Κωνσταντίνος Φ.,   |d 1946-  |e aui 
830 0 |a Νόμος + Φύση.   |p Βιβλιοθήκη περιβαλλοντικού δικαίου (Σάκκουλας)  |v  ; 12 
852 |a INST  |b LESVOS  |e 20080222  |h 344.046 ΧΛΕ  |p 005100038790  |q 005100038790  |t BK  |y 0 
901 |a BIBL1-2008-1 
909 |a Λ  |b 142081 
922 |a 1ΕΛΗ  |b 200711  |c ΕΠΕΑΕΚ2/ΤΠ  |d Σ. ΠΑΤΑΚΗΣ 
970 |a ΓΙΑΛΑΜΑ  |b ΜΑΡΙΑ  |z 2008/02/22